000
00206nam a22000857a 4500
008
161206b xxu||||| |||| 00| 0 eng d
100
_9
1819
_a
Weir. J
245
_a
The Singing Rabbit
260
_a
kiev
_b
Dnipro
_c
1982
999
_c
4560
_d
4560